000 02188nam a22003497a 4500
001 1543
003 FISKH
005 20230906103031.0
008 230906b cb ||||| |||| 00| 0 khr d
022 _29789924340478
040 _aFISKH
_beng
_cFISKH
_dFISKH
100 _aMengchheang, Sunheng
245 _aដំណើរទៅលេងអង្គរ /
_cអត្ថបទដោយ ស៊ុនហេង ម៉េងឈាង, ហួត សារិទ្ធ​, ឃួន វិច្ឆិកា និង ស៊ិន សុវណ្ណរតនា - ប្រឹក្សាយោបល់ដោយ Françoise Récamier
250 _aបោះពុម្ពលើកទី ៤​ វិច្ឆិកា​ ២០២២
260 _aPhnom Penh :
_bSipar,
_c2022.
300 _a37 pages :
_bmap ; color illustrations ;
_c25 cm
490 _aស្វែងយល់ពី
505 _aZ
520 _aណែនាំ​មិត្ត​អ្នក​អាន​វ័យ​ក្មេង​ឱ្យ​យល់​បន្ថែម​ទៀត​ក្នុង​ដំណើរ​ទៅ​អង្គរ។ វាចាប់ផ្តើមពីអ្វីៗទាំងអស់អំពីអង្គរ ស្ថាបត្យកម្ម ចម្លាក់ ចម្លាក់ ចម្លាក់ ទេវកថា និងបរិស្ថានជុំវិញអង្គរ។
520 _aGuides young readers for more understanding on their journey to Angkor. It starts from everything about Angkor, architecture, sculpture, reliefs, mythology and environment around Angkor.
521 8 _a890
_bLexile estimate
521 8 _aZ
_bRaz-Plus
650 _2អង្គរ
_aស្ថាបត្យកម្ម
_vចម្លាក់
_xជំនឿ
_yទេវកថា
650 _2Angkor
_aArchitecture
_vSculpture
_xReliefs
_yMythology
700 _aSarith, Huot
_eAuthor
700 _aVichheka, Khuon
_eAuthor
700 _aSovanrathna, Sin
_eAuthor
700 _aSovanrith, Khun
_eillustrator
700 _aRatha, Ouk
_eillustrator
700 _aVisoth, Seng
_eillustrator
942 _2ddc
_cBK
_n0
999 _c1543
_d1543